000 01615nam0a2200337 4500
001 RU\NLR\bibl\511036
005 20250609142636.0
010 _a5-7422-0375-6
_9500
021 _aRU
_b2004-11593
_9596
035 _a(NLR Aleph) 000503534
090 _a1188521
_c1188521
100 _a20040414d2003 |||y0rusy50 ca
101 0 _arus
102 _aRU
105 _ay |||||||||
200 1 _aАнтиуправленческие ситуации
_fА.И. Вдовин, К.С. Налбандян, С.А. Вдовин
_gПод общ. ред. к.э.н. А.И. Вдовина
_gМ-во сел. хоз-ва Рос. Федерации, Урал. гос. с.-х. акад.
210 _aСПб.
_cИзд-во СПбГПУ
_d2003
215 _a111, [1] с.
_d20
300 _aНа 2-й с. обл. авт.: Вдовин А.И., к.э.н., Налбандян К.С., к.э.н., Засл. работник сел. хоз-ва Рос. Федерации,
320 _aБиблиогр.: с. 109-110 (14 назв.)
320 _aДр. работы 1-ого авт. на 2-й с. обл.
606 0 _aСитуационный метод
_xПрименение в управлении
_92198851
_3RU\NLR\auth\661321417
686 _aУ21(0)03
700 1 _aВдовин
_bА. И.
_f1930-
_gАркадий Иванович
_4070
701 1 _aНалбандян
_bК. С.
_f1952-
_gКарапет Сетракович
_4070
701 1 _aВдовин
_bС. А.
_f1960-
_gСергей Аркадьевич
_4070
801 0 _aRU
_bNLR
_c20040414
_gPSBO
801 1 _aRU
_bNLR
_c20040414
942 _cBOOK
980 _aNB